000 00777nam a2200229 a 4500
001 000035891
005 20200930074710.0
008 111115s1995 es 000 0 spa d
020 _a2854808894
040 _aDO-SdBNP
_bspa
_cBNPHU
082 _a341.23
_bF817n
245 0 0 _aFrancia y Naciones Unidas (1945-1995) /
_ccoordinador Andrés Lewin ; prólogo de Alain Juppé.
246 1 4 _aFrancia y la ONU desde 1945
260 _aCondé-sur-Noireau :
_bArléa Corlet,
_aParís :
_bDiffusion Le Seuil,
_c1995.
300 _a293 p. ;
_c23 cm.
490 1 _aPanoramiques
610 2 4 _aNACIONES UNIDAS
_zFRANCIA
_961886
700 1 2 _aLewin, Andrés
_961887
700 1 2 _aJuppé, Alain
_epról.
_961888
830 0 _aPanoramiques
_961889
910 _aValidado. Control de calidad MFF
999 _c35382
_d35382